<?xml version="1.0" encoding="UTF-8"?><?xml-stylesheet type="text/xsl" href="static/style.xsl"?><OAI-PMH xmlns="http://www.openarchives.org/OAI/2.0/" xmlns:xsi="http://www.w3.org/2001/XMLSchema-instance" xsi:schemaLocation="http://www.openarchives.org/OAI/2.0/ http://www.openarchives.org/OAI/2.0/OAI-PMH.xsd"><responseDate>2026-04-17T14:11:42Z</responseDate><request verb="GetRecord" identifier="oai:www.recercat.cat:2117/412307" metadataPrefix="marc">https://recercat.cat/oai/request</request><GetRecord><record><header><identifier>oai:recercat.cat:2117/412307</identifier><datestamp>2025-07-17T15:44:54Z</datestamp><setSpec>com_2072_1033</setSpec><setSpec>col_2072_452951</setSpec></header><metadata><record xmlns="http://www.loc.gov/MARC21/slim" xmlns:dcterms="http://purl.org/dc/terms/" xmlns:xsi="http://www.w3.org/2001/XMLSchema-instance" xmlns:doc="http://www.lyncode.com/xoai" xsi:schemaLocation="http://www.loc.gov/MARC21/slim http://www.loc.gov/standards/marcxml/schema/MARC21slim.xsd">
   <leader>00925njm 22002777a 4500</leader>
   <datafield ind2=" " ind1=" " tag="042">
      <subfield code="a">dc</subfield>
   </datafield>
   <datafield ind2=" " ind1=" " tag="720">
      <subfield code="a">Sánchez Vargas, Miguel Angel</subfield>
      <subfield code="e">author</subfield>
   </datafield>
   <datafield ind2=" " ind1=" " tag="260">
      <subfield code="c">2024-05-14</subfield>
   </datafield>
   <datafield ind2=" " ind1=" " tag="520">
      <subfield code="a">En este proyecto se investigarán, comentarán y se analizarán, las estrategias más sostenibles posibles para implementar en un edificio, concretamente en uno residencial, todo esto a través de la comprensión de que significa la sostenibilidad y teniendo en cuenta los diferentes contextos en los que se encuentra el mundo actualmente. Además, se buscará la forma más óptima e idónea de reducir al máximo el consumo energético de las áreas comunes del edifico gracias a la aplicación de algunas estrategias sostenible que contenga almenos algun tipo de energía renovable, sin repercutir en el bienestar de los habitantes del propio edificio y de los colindantes. El objetivo final de este proyecto es estudiar la instalación de energía renovable, conociendo cual sería el ahorro energético, valorando sus beneficios e inconvenientes, así como el impacto económico, ambiental y social que puede llegar a generar.</subfield>
   </datafield>
   <datafield tag="653" ind2=" " ind1=" ">
      <subfield code="a">Àrees temàtiques de la UPC::Edificació</subfield>
   </datafield>
   <datafield tag="653" ind2=" " ind1=" ">
      <subfield code="a">Sustainable buildings</subfield>
   </datafield>
   <datafield tag="653" ind2=" " ind1=" ">
      <subfield code="a">Edificis sostenibles</subfield>
   </datafield>
   <datafield ind2="0" ind1="0" tag="245">
      <subfield code="a">Estrategias para la optimización energética de las áreas comunes de un edificio residencial</subfield>
   </datafield>
</record></metadata></record></GetRecord></OAI-PMH>